A Safe place to learn : (Record no. 108764)
[ view plain ]
| 000 -LEADER | |
|---|---|
| fixed length control field | 00397nam a2200133 a 4500 |
| 005 - DATE AND TIME OF LATEST TRANSACTION | |
| control field | 20140414093832.0 |
| 008 - FIXED-LENGTH DATA ELEMENTS--GENERAL INFORMATION | |
| fixed length control field | 030502s19uu xx 00 eng d |
| 050 ## - LIBRARY OF CONGRESS CALL NUMBER | |
| Classification number | VHS 300 |
| Item number | OR 13 |
| 100 ## - MAIN ENTRY--PERSONAL NAME | |
| Personal name | Association for Supervision and Curriculum Development |
| 245 ## - TITLE STATEMENT | |
| Title | A Safe place to learn : |
| Remainder of title | crisis response & school safety planning / |
| Statement of responsibility, etc | ASCD. |
| 260 ## - PUBLICATION, DISTRIBUTION, ETC. (IMPRINT) | |
| Name of publisher, distributor, etc | ASCD. |
| 942 ## - ADDED ENTRY ELEMENTS (KOHA) | |
| Koha item type | Audio Visual Materials |
| Withdrawn status | Lost status | Damaged status | Use restrictions | Home library | Current library | Shelving location | Date acquired | Source of acquisition | Total Checkouts | Full call number | Barcode | Date last seen | Price effective from | Koha item type |
|---|---|---|---|---|---|---|---|---|---|---|---|---|---|---|
| Luxembourg Library | Luxembourg Library | Audio Visual Material Section | 06/20/2003 | VHS 300 OR 13 | AV0223 | 04/14/2014 | 04/14/2014 | Audio Visual Materials |